[Event "Dhaka Metropolis op U2100"]
[Site "Dhaka"]
[Date "2022.10.22"]
[Round "6"]
[White "Chowdhury, Sohel"]
[Black "Mahbubur, Rahman"]
[Result "1-0"]
[WhiteElo "2036"]
[BlackElo "1706"]
[PlyCount "65"]
[EventDate "2022.10.17"]
[EventType "swiss"]
[EventRounds "9"]
[EventCountry "BAN"]
[SourceTitle "EXT 2024"]
[Source "ChessBase"]
[SourceDate "2023.10.10"]
[SourceVersion "1"]
[SourceVersionDate "2023.10.10"]
[SourceQuality "1"]

1. e4 c5 2. Nc3 Nc6 3. g3 g6 4. Bg2 Bg7 5. d3 e6 6. Be3 Nge7 7. Bxc5 Bxc3+ 8. bxc3 Qa5 9. Be3 Qxc3+ 10. Bd2 Qc5 11. Ne2 e5 12. 0-0 0-0 13. Be3 Qa5 14. Bh6 Re8 15. c4 d6 16. Qc1 Kh8 17. h3 Ng8 18. Be3 b6 19. f4 f5 20. exf5 Bb7 21. fxg6 hxg6 22. f5 Kg7 23. fxg6 Rf8 24. Rf7+ Rxf7 25. gxf7 Kxf7 26. Qf1+ Kg7 27. Qf5 Rf8 28. Qg5+ Kh8 29. Qh5+ Kg7 30. Be4 Rf7 31. Qg6+ Kf8 32. Bd5 Nd8 33. Bxf7 1-0

[Event "Dhaka Chowdhury Memorial op-B 2nd"]
[Site "Dhaka"]
[Date "2022.07.07"]
[Round "8"]
[White "Mahbubur, Rahman"]
[Black "Mukitul, Islam Ripon"]
[Result "0-1"]
[WhiteElo "1806"]
[BlackElo "1927"]
[PlyCount "40"]
[EventDate "2022.07.02"]
[EventType "swiss"]
[EventRounds "9"]
[EventCountry "BAN"]
[SourceTitle "EXT 2024"]
[Source "ChessBase"]
[SourceDate "2023.10.10"]
[SourceVersion "1"]
[SourceVersionDate "2023.10.10"]
[SourceQuality "1"]

1. d4 d5 2. c4 c6 3. Nc3 e6 4. e3 f5 5. Bd3 Nf6 6. Nf3 Bd6 7. Ne5 0-0 8. f4 Nbd7 9. 0-0 Ne4 10. Qb3 Ndf6 11. cxd5 exd5 12. Qd1 Be6 13. Bd2 a6 14. Rc1 Rc8 15. Be1 Qe8 16. Be2 c5 17. Nxe4 Nxe4 18. Bh4 g6 19. Bf3 c4 20. Bxe4 fxe4 0-1

[Event "Dhaka Walton op"]
[Site "Dhaka"]
[Date "2022.04.05"]
[Round "2"]
[White "Mahbubur, Rahman"]
[Black "Noshin, Anjum"]
[Result "1/2-1/2"]
[WhiteElo "1800"]
[BlackElo "2122"]
[PlyCount "154"]
[EventDate "2022.04.04"]
[EventType "swiss"]
[EventRounds "9"]
[EventCountry "BAN"]
[SourceTitle "CBM 207 Extra"]
[Source "ChessBase"]
[SourceDate "2022.05.31"]
[SourceVersion "1"]
[SourceVersionDate "2022.05.31"]
[SourceQuality "1"]

1. d4 d5 2. c4 c6 3. Nc3 Nf6 4. e3 e6 5. Nf3 Nbd7 6. Bd3 dxc4 7. Bxc4 b5 8. Bd3 a6 9. a4 Bb7 10. 0-0 b4 11. Ne4 c5 12. Nxf6+ Nxf6 13. dxc5 Bxc5 14. Qe2 0-0 15. e4 e5 16. Bg5 Qe7 17. Rac1 Rfc8 18. Rc4 a5 19. Rfc1 Bd6 20. Nh4 h6 21. Nf5 Qd8 22. Bh4 Bf8 23. Bxf6 Qxf6 24. Qe3 Rxc4 25. Rxc4 g6 26. Rc7 Bc8 27. Ng3 Qd6 28. Rc2 Be6 29. Rd2 Rd8 30. Nf1 Qc5 31. Qxc5 Bxc5 32. Bc4 Rxd2 33. Nxd2 Bd7 34. b3 Bd4 35. Bd5 Bb6 36. Nc4 Bc7 37. f3 Kf8 38. Kf2 Ke7 39. Ke3 f5 40. g3 g5 41. exf5 Bxf5 42. Be4 Be6 43. Kd3 g4 44. fxg4 Bxg4 45. Ne3 Be6 46. Bd5 Bb6 47. Bxe6 Kxe6 48. Nc4 Bd8 49. Ke4 Bc7 50. g4 Kf6 51. h4 Ke6 52. g5 hxg5 53. hxg5 Bd8 54. Nxe5 Bxg5 55. Nc6 Kd6 56. Nxa5 Kc5 57. Nc4 Bd8 58. Ne5 Be7 59. Nd3+ Kb6 60. Kd5 Bf8 61. Kc4 Ka5 62. Ne5 Bd6 63. Nc6+ Kb6 64. Nxb4 Ka5 65. Nc6+ Kb6 66. Nd4 Ka5 67. Nb5 Be7 68. Nc3 Bd6 69. Ne4 Bb4 70. Nc5 Ba3 71. Nd3 Be7 72. Nc5 Bg5 73. b4+ Kb6 74. a5+ Ka7 75. b5 Bd8 76. b6+ Bxb6 77. axb6+ Kxb6 1/2-1/2

[Event "Dhaka Al Mahmud Memorial"]
[Site "Dhaka"]
[Date "2022.02.12"]
[Round "8"]
[White "Mahbubur, Rahman"]
[Black "Mortuza Mahathir, Islam"]
[Result "1/2-1/2"]
[WhiteElo "1757"]
[BlackElo "1877"]
[PlyCount "67"]
[EventDate "2022.02.05"]
[EventType "swiss"]
[EventRounds "9"]
[EventCountry "BAN"]
[SourceTitle "CBM 206 Extra"]
[Source "ChessBase"]
[SourceDate "2022.03.31"]
[SourceVersion "1"]
[SourceVersionDate "2022.03.31"]
[SourceQuality "1"]

1. d4 d5 2. c4 e6 3. Nc3 c5 4. cxd5 exd5 5. Bf4 Nc6 6. e3 cxd4 7. exd4 Nf6 8. Nf3 Be7 9. Bb5 0-0 10. 0-0 Bg4 11. Bxc6 bxc6 12. h3 Bh5 13. g4 Bg6 14. Ne5 Rc8 15. Re1 c5 16. dxc5 Bxc5 17. Na4 Be7 18. Rc1 Rxc1 19. Qxc1 Bd6 20. Nc5 Qc7 21. Nxg6 hxg6 22. Bxd6 Qxd6 23. b4 a5 24. a3 axb4 25. axb4 Rb8 26. Qd2 Nd7 27. Qd4 Nxc5 28. bxc5 Qc6 29. Rd1 Rc8 30. Qxd5 Qxc5 31. Qxc5 Rxc5 32. Rd8+ Kh7 33. Rd7 f6 34. Kg2 1/2-1/2

[Event "Dhaka Al Mahmud Memorial"]
[Site "Dhaka"]
[Date "2022.02.09"]
[Round "5"]
[White "Ghosh, Chanchal Kumer"]
[Black "Mahbubur, Rahman"]
[Result "1-0"]
[WhiteElo "2074"]
[BlackElo "1757"]
[PlyCount "111"]
[EventDate "2022.02.05"]
[EventType "swiss"]
[EventRounds "9"]
[EventCountry "BAN"]
[SourceTitle "CBM 206 Extra"]
[Source "ChessBase"]
[SourceDate "2022.03.31"]
[SourceVersion "1"]
[SourceVersionDate "2022.03.31"]
[SourceQuality "1"]

1. e4 c5 2. Nf3 d6 3. d4 cxd4 4. Nxd4 Nf6 5. Nc3 g6 6. Be2 Bg7 7. Be3 Nc6 8. h4 h5 9. f3 Qb6 10. Nf5 Qxb2 11. Na4 Qe5 12. Nxg7+ Kf8 13. Nxh5 Nxh5 14. Rb1 Ng3 15. Rb5 Qf6 16. Rg1 Nxe2 17. Kxe2 Qxh4 18. Nc3 b6 19. Qd5 Bb7 20. Rbb1 Qf6 21. Qd2 Ba6+ 22. Kd1 Rc8 23. Nd5 Qe5 24. c3 e6 25. Bf4 Qg7 26. Bxd6+ Kg8 27. Ne3 Ne5 28. f4 Nd3 29. c4 Qd4 30. Be5 Nf2+ 31. Ke2 Qxd2+ 32. Kxd2 Nxe4+ 33. Kd3 Nc5+ 34. Kc3 f6 35. Bd4 Kf7 36. Rbd1 Ne4+ 37. Kb3 Rcd8 38. Bc3 Nxc3 39. Kxc3 f5 40. Nc2 Rc8 41. Rd7+ Kf6 42. Ne3 Bxc4 43. Rxa7 Bxa2+ 44. Kb2 Bc4 45. g4 Rh2+ 46. Ka1 g5 47. fxg5+ Kxg5 48. gxf5+ Kf4 49. Nxc4 Rxc4 50. fxe6 Re4 51. Rf1+ Ke3 52. e7 b5 53. Rf8 Rh7 54. Ra3+ Kd4 55. e8Q Rh1+ 56. Kb2 1-0

[Event "Dhaka Al Mahmud Memorial"]
[Site "Dhaka"]
[Date "2022.02.05"]
[Round "1"]
[White "Subrota, Biswas"]
[Black "Mahbubur, Rahman"]
[Result "1-0"]
[WhiteElo "2202"]
[BlackElo "1757"]
[PlyCount "67"]
[EventDate "2022.02.05"]
[EventType "swiss"]
[EventRounds "9"]
[EventCountry "BAN"]
[SourceTitle "CBM 206 Extra"]
[Source "ChessBase"]
[SourceDate "2022.03.31"]
[SourceVersion "1"]
[SourceVersionDate "2022.03.31"]
[SourceQuality "1"]

1. e4 c5 2. Nf3 d6 3. d4 cxd4 4. Nxd4 Nf6 5. Nc3 g6 6. Be3 Bg7 7. f3 Nc6 8. Qd2 0-0 9. Bc4 Bd7 10. 0-0-0 Rc8 11. Bb3 Nxd4 12. Bxd4 b5 13. Nd5 Nxd5 14. Bxg7 Kxg7 15. exd5 a5 16. a3 b4 17. axb4 axb4 18. Qxb4 Rb8 19. Qc3+ Kg8 20. Rhe1 Re8 21. h4 Qb6 22. Qd4 Qa5 23. Qc3 Qb6 24. Rd4 Rec8 25. Bc4 Bb5 26. b3 Rc7 27. h5 Rbc8 28. hxg6 fxg6 29. Rh1 Bxc4 30. bxc4 e5 31. dxe6 d5 32. Re1 Rxc4 33. Rxc4 Rxc4 34. Qxc4 1-0